Rozmiestňovacie metódy v projektovaní AVS : Diplomová práca

Saved in:
Bibliographic Details
Main Author: Špringeľová, Jaroslava (Author)
Other Authors: Králik, Marián (xxx)
Format: Manuscript Book
Language:Slovak
Published: Trnava : STU v Bratislave MtF KAIA, 1993
Subjects:
Tags: Add Tag
No Tags, Be the first to tag this record!

MARC

LEADER 00000ntm a22000003a 4500
001 stu73034
005 20160719155045.5
008 011218s1993----xo------------------slo-d
040 |a STU  |b slo 
041 0 |a slo 
044 |a xo 
100 1 |a Špringeľová, Jaroslava  |4 aut 
245 1 |a Rozmiestňovacie metódy v projektovaní AVS :  |b Diplomová práca 
260 |a Trnava :  |b STU v Bratislave MtF KAIA,  |c 1993 
300 |a 57 s  |c výťah 
650 7 |a systémy výrobné automatizované  |2 stusub 
650 7 |a CAD/CAM  |2 stusub 
650 7 |a Automatizácia a robototechnológia  |2 stusub 
700 1 |a Králik, Marián  |4 xxx 
996 |b 284M033752  |c M*DP-1395  |l MMSKP  |s P  |a 0  |w stu73034_0001